[Event "Minsk Boleslavsky Memorial"]
[Site "Minsk"]
[Date "1994.??.??"]
[Round "9"]
[White "Luther, Thomas"]
[Black "Kupreichik, Viktor D"]
[Result "0-1"]
[WhiteElo "2515"]
[BlackElo "2515"]
[Annotator "Boensch,U"]
[PlyCount "90"]
[EventDate "1994.02.??"]
[EventType "tourn"]
[EventRounds "11"]
[EventCountry "BLR"]
[EventCategory "10"]
[SourceTitle "CBM 042"]
[Source "ChessBase"]
[SourceDate "1994.10.01"]
[SourceVersion "1"]
[SourceVersionDate "1994.10.01"]
[SourceQuality "1"]

1. e4 c5 2. Nf3 d6 3. d4 cxd4 4. Nxd4 Nf6 5. Nc3 Bd7 $6 6. Bg5 (6. Bc4 $5) 6...
e6 7. Ndb5 Bc6 8. Bxf6 gxf6 9. Qh5 $1 a6 (9... Na6 10. O-O-O Nc5 11. Bc4 Qd7
12. Rhe1 a6 13. Nd4 O-O-O 14. f4 Kb8 15. f5 $16 {Kotronias,V-Efimov,I/Peer
Gynt (3)/1991/1-0 (28)}) 10. Nd4 Bd7 11. O-O-O Nc6 12. Bc4 $2 (12. Nxc6 Bxc6 (
12... bxc6 13. Bc4 d5 14. exd5 cxd5 15. Nxd5 $18) 13. Bc4 $16 {/\ f4-f5}) 12...
Qa5 $1 13. Qe2 $2 (13. Qxa5 Nxa5 $15 {^^}) (13. Be2 $10 {>< f7}) 13... Qg5+ 14.
Kb1 (14. Qd2 $4 Qxd2+ 15. Rxd2 Bh6 $19) 14... Nxd4 15. Rxd4 Qxg2 16. Rhd1 (16.
Rdd1 Qg5 $17) 16... Qxh2 $17 17. Qf3 Qe5 18. Nd5 exd5 $19 19. Rxd5 (19. exd5 f5
$19) 19... Qe7 20. Rxd6 Rd8 (20... Qxd6 $2 21. Rxd6 Bxd6 22. Qxf6 $18) 21. a3 (
21. Rxf6 Bg4 22. Rxd8+ (22. Bxf7+ Qxf7 23. Rxd8+ Kxd8 24. Qd3+ Qd7 $19) 22...
Kxd8 23. Qf4 Qb4 $19) 21... h5 $1 22. R6d5 h4 $19 23. Qh1 h3 24. f4 h2 25. Bf1
Qe6 26. R5d2 Qg4 27. Bg2 Be7 (27... Qxf4 28. e5 fxe5 29. Bxb7 Rh6 $19) 28. Bf3
(28. e5 Be6 $19) 28... Qxf4 29. e5 Bg4 (29... fxe5 30. Bxb7 Rg8 $19 (30... Rh6
$19)) 30. Bc6+ bxc6 31. Rxd8+ Bxd8 32. Qxc6+ Kf8 33. Rxd8+ Kg7 34. exf6+ Kh7
35. Rxh8+ Kxh8 36. Qe8+ Kh7 37. Qxf7+ Kh6 38. Qg7+ Kh5 39. Qh7+ Kg5 40. f7 Be6
41. Qg7+ Kh4 42. Qh7+ Kg3 43. Qg6+ (43. f8=Q Qxf8 44. Qd3+ Qf3 45. Qd6+ Kg2 46.
Qd2+ Kf1 $19) 43... Kf2 44. Qxe6 h1=Q+ 45. Ka2 Qb7 0-1

[Event "Alushta3"]
[Site "Alushta"]
[Date "1994.??.??"]
[Round "10"]
[White "Margolin, Boris"]
[Black "Kruppa, Yuri"]
[Result "0-1"]
[WhiteElo "2385"]
[BlackElo "2505"]
[Annotator "Boensch,U"]
[PlyCount "44"]
[EventDate "1994.??.??"]
[EventType "tourn"]
[EventRounds "11"]
[EventCountry "UKR"]
[EventCategory "8"]
[SourceTitle "CBM 041"]
[Source "ChessBase"]
[SourceDate "1994.08.01"]
[SourceVersion "1"]
[SourceVersionDate "1994.08.01"]
[SourceQuality "1"]

1. e4 c5 2. Nf3 d6 3. d4 cxd4 4. Nxd4 Nf6 5. Nc3 Nc6 6. Be3 Ng4 7. Bb5 Nxe3 8.
Nxc6 (8. fxe3 Bd7 9. O-O e6 10. Bxc6 bxc6 11. Qf3 Qf6 12. Qe2 Qg5 13. Rf3 (13.
Nf3 Qh6 14. Rae1 Be7 15. Qa6 O-O 16. Qb7 Rfd8 $15 {Har Zvi,R-Van der Wiel,J
Wijk op (03) 1993 0-1 33}) 13... Be7 14. Rg3 Qe5 15. Nf3 Qa5 16. e5 O-O $15 {
Federov,A-Tukmakov,V Nikolaev zt 1993 1/4 42}) 8... Qd7 $5 $146 (8... Nxd1 9.
Nxd8+ Kxd8 10. Nxd1 $2 (10. Rxd1 e6 11. a4 a6 12. Bc4 Bd7 13. O-O Be7 $10 {
Polgar,Zso-Aseev,K Brno-B (02) 1991 1/4 16}) 10... a6 11. Bd3 g6 $15 {Maahs,
E-Aseev,K Bad Woerishofen (3) 1991 0-1 42}) 9. Nxa7 (9. fxe3 bxc6 $15) 9...
Nxd1 10. Nxc8 $8 Nxc3 (10... Qxb5 $2 11. Nxb5 Rxc8 12. Kxd1 $18) 11. Bxd7+ Kxd7
12. Nb6+ Kc6 13. Nxa8 Nxe4 14. a4 $2 (14. f3 Nc5 15. b4 Na4 16. b5+ Kxb5 17.
Rb1+ Kc6 18. Rb4 Nc5 19. Nb6 $14) 14... g6 15. f3 Nc5 16. b4 Ne6 17. c3 (17.
b5+ Kc5 18. a5 Bg7 $19) 17... Bg7 18. Kd2 Rxa8 $19 19. g3 Nc7 (19... Kd5 $5)
20. Kd3 Nd5 21. Rhc1 Kd7 22. Rc2 $4 (22. Ra3 Rc8 23. Rb3 Rxc3+ 24. Rbxc3 Bxc3
25. Rxc3 Nxc3 26. Kxc3 Kc6 $19) 22... Nxb4+ 0-1

[Event "URS-ch46 First League"]
[Site "Ashkhabad"]
[Date "1978.??.??"]
[Round "17"]
[White "Kapengut, Albert Z"]
[Black "Tukmakov, Vladimir B"]
[Result "1/2-1/2"]
[WhiteElo "2465"]
[BlackElo "2560"]
[Annotator "Bulletin"]
[PlyCount "31"]
[EventDate "1978.10.??"]
[EventType "tourn"]
[EventRounds "17"]
[EventCountry "URS"]
[EventCategory "10"]
[SourceTitle "MCL"]
[Source "ChessBase"]
[SourceDate "1999.07.01"]
[SourceVersion "1"]
[SourceVersionDate "1999.07.01"]
[SourceQuality "1"]

1. e4 c5 2. Nf3 d6 3. d4 cxd4 4. Nxd4 Nf6 5. Nc3 Nc6 6. Be3 e5 (6... Ng4 7. Bb5
Nxe3 8. fxe3 Bd7 9. O-O e6 $10) 7. Nf3 (7. Ndb5 a6 8. Na3 b5 9. Nd5 $10) (7.
Nb3) 7... Be7 (7... Be6 8. Ng5) 8. Bc4 O-O 9. O-O Be6 10. Bb3 Na5 $5 (10... h6)
11. Bg5 Nc4 12. Nd2 Nb6 13. Bxf6 Bxf6 14. Qf3 Qc8 $1 $10 15. h3 Qc5 16. Rfd1
1/2-1/2

[Event "Reunion IBM op"]
[Site "Reunion"]
[Date "1997.??.??"]
[Round "5"]
[White "Prie, Eric"]
[Black "Kosten, Anthony C"]
[Result "1/2-1/2"]
[WhiteElo "2470"]
[BlackElo "2535"]
[Annotator "Bulletin"]
[PlyCount "22"]
[EventDate "1997.??.??"]
[EventType "swiss"]
[EventRounds "9"]
[EventCountry "FRA"]
[SourceTitle "EXT 1998"]
[Source "ChessBase"]
[SourceDate "1997.11.17"]
[SourceVersion "1"]
[SourceVersionDate "1997.11.17"]
[SourceQuality "1"]

1. e4 c5 2. Nf3 Nc6 3. d4 cxd4 4. Nxd4 Nf6 5. Nc3 d6 6. f3 e5 7. Nb3 Be7 8. Be3
Be6 9. Qd2 $6 (9. Nd5 Bxd5 10. exd5 Nb4 11. c4 a5 12. Qd2 (12. Nd2 Nd7 13. Ne4
f5 14. Nc3 O-O 15. Be2 Bg5 16. Bf2 Qf6 17. O-O Na6 18. Bd3 Qh6 19. Qe2 Rae8 20.
Bc2 Nac5 $11 {Topalov,V-Kramnik,V Linares (07) 1994 1-0 39 coups}) 12... b6 13.
Be2 O-O 14. O-O Nd7 15. Nc1 Na6 16. Bd1 $5 Ndc5 $146 (16... Rc8 $6 17. Ba4 $1
Rxc4 $140 $6 18. Bb5 $18) (16... h6 $6 {/\ Bg5} 17. Ba4 Nac5 18. Bc6 $16) (
16... Nac5 17. Ne2 h6 18. Nc3 $14) 17. a3 $1 Nc7 (17... a4 18. Na2 Qd7 19. Nc3
$16 {/\ Bc2, Qd1 ><a4}) 18. Na2 $1 a4 (18... h6 19. b4 axb4 20. axb4 Nd7 21.
Bb3 Bg5 22. Nc3 $14) 19. Nc3 Qd7 20. Bc2 Ra7 (20... b5 $2 21. Bxc5 dxc5 22.
cxb5 Nxb5 23. Bxa4 $18) 21. Rae1 g6 22. Qd1 Rfa8 23. f4 $1 $16 exf4 {[#]} 24.
Bxf4 $2 (24. Bxc5 $1 bxc5 25. Bxa4 Qd8 (25... Rxa4 26. Nxa4 Rxa4 27. Rxe7 $1
$18) 26. Rxf4 Bf6 27. Bc6 $16) 24... Bf8 $13 {Magem Badals,J-San Segundo,P
Linares (zt) 1995 INF65/197 1-0 41coups}) 9... d5 10. exd5 Nxd5 11. Nxd5 Qxd5 {
Après 12.Qxd5 Bxd5 13.0-0-0 0-0-0 14.Bd3 la position est égale.} 1/2-1/2

[Event "EU-chT (Men) 10th"]
[Site "Debrecen"]
[Date "1992.11.??"]
[Round "6.2"]
[White "Spasov, Vasil"]
[Black "Nevednichy, Vladislav"]
[Result "1/2-1/2"]
[WhiteElo "2550"]
[BlackElo "2470"]
[Annotator "Bulletin"]
[PlyCount "34"]
[EventDate "1992.11.20"]
[EventType "team-swiss"]
[EventRounds "9"]
[EventCountry "HUN"]
[SourceTitle "EU-chT"]
[Source "ChessBase"]
[SourceDate "1999.07.01"]
[SourceVersion "2"]
[SourceVersionDate "1999.07.01"]
[SourceQuality "1"]
[WhiteTeam "Bulgaria"]
[BlackTeam "Moldova"]
[WhiteTeamCountry "BUL"]
[BlackTeamCountry "MDA"]

1. e4 c5 2. Nf3 d6 3. d4 cxd4 4. Nxd4 Nf6 5. Nc3 Nc6 6. f4 e5 7. Nxc6 $5 (7.
Nf3) 7... bxc6 8. fxe5 Ng4 9. Be2 Nxe5 10. O-O Be7 11. Kh1 O-O 12. Bf4 Be6 13.
Qd2 Re8 14. Rad1 Bf8 15. b3 Qc7 16. Na4 Rad8 17. Nb2 f6 1/2-1/2

[Event "Bundesliga 1516"]
[Site "Germany"]
[Date "2016.03.12"]
[Round "10.4"]
[White "Vovk, Andrey"]
[Black "Duda, Jan Krzysztof"]
[Result "0-1"]
[WhiteElo "2611"]
[BlackElo "2645"]
[Annotator "CB"]
[PlyCount "82"]
[EventDate "2015.09.18"]
[EventType "team-tourn"]
[EventRounds "15"]
[EventCountry "GER"]
[SourceTitle "CBM 172"]
[Source "ChessBase"]
[SourceDate "2016.05.12"]
[SourceVersion "1"]
[SourceVersionDate "2016.05.12"]
[SourceQuality "1"]
[WhiteTeam "Erfurt"]
[BlackTeam "Hamburger SK"]
[WhiteTeamCountry "GER"]
[BlackTeamCountry "GER"]

1. e4 c5 2. Nf3 d6 3. d4 cxd4 4. Nxd4 Nf6 5. Nc3 Bd7 {Die Kupreichik-Variante
steht derzeit hoch im Kurs. Der Hauptvorteil ist, dass es nicht soviel
"Theorie" gibt.} 6. Bg5 e6 (6... Nc6 {ergäbe eine häufig gespielte Variante
im Klassischen Sizilianer.}) 7. f3 a6 8. Qd2 h6 9. Be3 Be7 10. g4 b5 11. h4 b4
12. Nce2 e5 13. Nf5 Bxf5 14. exf5 (14. gxf5 d5 $132) 14... d5 {Schwarz kommt
hier schnell zu aktivem Spiel.} 15. Bg2 d4 16. Bf2 Nc6 17. f4 Rc8 18. g5 (18.
fxe5 $5 Nxe5 19. Bxd4 Nfxg4 20. O-O-O) 18... hxg5 (18... Ng4 $5) 19. fxg5 Nd5
20. Qd3 Qa5 21. Qb3 (21. O-O $5) 21... Ne3 $6 22. Bxe3 dxe3 23. O-O-O Qb5 {[#]}
24. Qxe3 $18 {Weiß hat einen Bauern mehr und steht aktiv. Schwarz ist aber
nicht ohne Gegenspiel.} Na5 (24... b3 25. Qxb3 Qxb3 26. axb3 Rxh4 27. f6 Rxh1
28. Rxh1 gxf6 29. Rh8+ Bf8 30. gxf6 Nb4 31. c3 $18) 25. Bd5 (25. b3 $1 $18)
25... Nc4 26. Qe4 Qc5 27. Kb1 Kf8 {[#]} 28. f6 $2 {Der gewünschte Durchbruch
auf der f-Linie funktioniert nicht.} (28. Bxc4 Qxc4 29. Qxe5 Qxc2+ 30. Ka1 $18)
28... gxf6 29. gxf6 Bxf6 30. Qf3 Rh6 31. Be4 Qe3 32. Qf5 $2 {In taktisch
komplizierter Stellung greift Weiß fehl.} ({Besser war} 32. Qg4 {mit der
Möglichkeit auf der g-Linie zu spielen.} Nd2+ (32... Rc7 33. Rhg1 Rh8 34. Bd3
$11 Nd2+ 35. Rxd2 Qxd2 36. Qf3 Qh6 37. h5 $14) 33. Rxd2 Rc4 34. Rhd1 Rxe4 35.
Qc8+ Kg7 36. Nc1 $11) 32... Rc7 33. Bd3 {[#]} Nxb2 $17 (33... Nd6 $1 34. Qh3
Qxh3 35. Rxh3 e4 36. Bxa6 Rc6 $19 {mit Läuferfang.}) 34. Rh3 (34. Kxb2 e4+ 35.
Kb1 exd3 36. Qxd3 Qxd3 37. Rxd3 Rxh4 $17) 34... Qc5 35. Rf1 $2 (35. Rc1 Na4 36.
Qe4 Qc3 (36... Qb6 37. Bc4 $15) 37. Nxc3 Nxc3+ 38. Kb2 Nxe4 39. Bxe4 Rxh4 40.
Rxh4 Bxh4 $17) 35... Nc4 36. Bxc4 Qxc4 37. Ng3 e4 38. Qxe4 Qc3 39. Rxf6 Rxf6
40. Nf5 Qc4 41. Nd4 Qf1+ 0-1

[Event "Rostock-08 IM Group"]
[Site "Rostock"]
[Date "1982.08.19"]
[Round "6"]
[White "Bernard, Ryszard"]
[Black "Tischbierek, Raj"]
[Result "0-1"]
[WhiteElo "2340"]
[BlackElo "2370"]
[Annotator "ChessBase"]
[PlyCount "71"]
[EventDate "1982.08.14"]
[EventType "tourn"]
[EventRounds "9"]
[EventCountry "DDR"]
[EventCategory "4"]
[SourceTitle "MCL"]
[Source "ChessBase"]
[SourceDate "1999.07.01"]
[SourceVersion "1"]
[SourceVersionDate "1999.07.01"]
[SourceQuality "1"]

1. e4 c5 2. Nf3 Nc6 3. d4 cxd4 4. Nxd4 Nf6 5. Nc3 d6 6. g3 Nxd4 (6... Bg4 7. f3
) 7. Qxd4 g6 8. Bb5+ $5 (8. Bg2 Bg7 9. O-O O-O 10. Qd3 $10) 8... Bd7 9. Bxd7+
Qxd7 10. Bg5 Bg7 11. Nd5 Nh5 12. Qb4 O-O 13. Nxe7+ Kh8 14. O-O-O a5 15. Rxd6
Qe8 16. Qxb7 Qa4 17. Qd5 Rab8 18. c3 Rb5 19. Qc6 Qxa2 20. Qxb5 Qa1+ 21. Kc2
Qxh1 22. Qe2 Qxh2 23. Qd2 Qg2 24. Qe3 f6 25. Bh6 Bxh6 26. Nxg6+ Kg7 27. Nf4
Bxf4 28. gxf4 Re8 29. e5 Qg6+ 30. Kc1 Qf5 31. Rd5 Nxf4 32. exf6+ Qxf6 33. Rd7+
Kf8 34. Qa7 Qf5 35. Qb7 Re1+ 36. Rd1 $138 0-1

[Event "Balatonbereny op"]
[Site "Balatonbereny"]
[Date "1985.09.25"]
[Round "1"]
[White "Szalanczy, Emil"]
[Black "Gross, Stefan"]
[Result "1-0"]
[WhiteElo "2345"]
[BlackElo "2435"]
[Annotator "ChessBase"]
[PlyCount "59"]
[EventDate "1985.09.25"]
[EventType "swiss"]
[EventRounds "11"]
[EventCountry "HUN"]
[SourceTitle "MCL"]
[Source "ChessBase"]
[SourceDate "1999.07.01"]
[SourceVersion "1"]
[SourceVersionDate "1999.07.01"]
[SourceQuality "1"]

1. e4 c5 2. Nf3 d6 3. d4 cxd4 4. Nxd4 Nf6 5. Nc3 Nc6 6. Be3 Ng4 7. Bg5 Qb6 8.
Bb5 Bd7 9. O-O h6 10. Bh4 g5 11. Bg3 h5 12. Nf5 O-O-O 13. a4 Nf6 14. h4 Bxf5
15. exf5 Rg8 16. Nd5 Nxd5 17. Qxd5 gxh4 18. Bxh4 Ne5 19. Ra3 Rg4 20. Bg3 Bg7
21. Rd1 Kb8 22. a5 Qc7 23. a6 h4 24. Bh2 Rb4 25. Rb3 Rxb3 26. cxb3 Qb6 27. Bf4
bxa6 28. Be2 Qb7 29. Qa5 h3 $4 (29... h3 30. Qxd8+ $18) (29... Nc6 $142 $13)
30. Qxd8+ 1-0

[Event "Horgen SKA"]
[Site "Horgen"]
[Date "1994.??.??"]
[Round "6"]
[White "Masserey, Yvan"]
[Black "Schlosser, Philipp"]
[Result "1-0"]
[WhiteElo "2300"]
[BlackElo "2510"]
[Annotator "Ernst,T"]
[PlyCount "89"]
[EventDate "1994.09.??"]
[EventType "tourn"]
[EventRounds "11"]
[EventCountry "SUI"]
[EventCategory "10"]
[SourceTitle "CBM 043"]
[Source "ChessBase"]
[SourceDate "1994.12.01"]
[SourceVersion "1"]
[SourceVersionDate "1994.12.01"]
[SourceQuality "1"]

1. e4 {Hecht} c5 2. Nf3 d6 3. d4 cxd4 4. Nxd4 Nf6 5. Nc3 Nc6 6. Be3 Ng4 7. Bg5
h6 (7... Qb6 8. Bb5 Bd7 (8... e5 9. Nd5 Qxd4 10. Qxd4 exd4 11. Nc7+ Kd7 12.
Nxa8 f6 13. Bh4 b6 14. a4 Bb7 15. a5 Be7 {Olsson.K-Schneider,LA/SVE-ch/1991/}
16. axb6 Rxa8 17. Rxa7 $16) 9. O-O Qxd4 10. Bxc6 Qxd1 11. Bxd7+ Kxd7 12. Raxd1
$14 {Anka,E-Sjoberg,M/Kecskemet/1991/}) 8. Bh4 g5 9. Bg3 Bg7 10. Bb5 (10. Nb3
Be6 (10... Bxc3+ 11. bxc3 Be6 12. h4 Rg8 13. hxg5 hxg5 14. Bb5 $1 $16 {Adams,
M-Sherzer,A/Prestwich/1990/}) 11. Be2 Qd7 12. Qd2 f5 13. exf5 Bxf5 14. O-O
O-O-O 15. f3 Nf6 16. Bf2 $14 {Kotronias,V-Mednis,E/New York WFW/1990/}) 10...
Qb6 11. Nde2 Be6 12. Qd2 h5 13. h4 O-O-O 14. a4 gxh4 15. Bxh4 a6 16. Bxc6 bxc6
17. a5 Qb7 (17... Qxb2 18. O-O $44) 18. Na4 c5 $2 (18... Nf6 $5) 19. Nb6+ Kb8
20. Nd5 $1 Bh6 (20... Qxb2 21. O-O Qxa1 22. Rxa1 Bxa1 23. c3 $18) 21. Qd1 f5
22. Rh3 $16 c4 23. Ra4 $1 fxe4 24. Rb4 Bxd5 25. Rxb7+ Bxb7 26. Bxe7 e3 $6 (
26... Rd7 $5 $16) 27. fxe3 Nxe3 28. Rxe3 Bxe3 29. Bxd8 Rxd8 30. c3 $16 Bxg2 31.
Nd4 Rh8 32. Qe2 Bxd4 33. cxd4 Bb7 (33... Bd5 34. Qe7 $18) 34. Qe7 h4 $1 (34...
d5 $4 35. Qe5+ $18) 35. Qxd6+ Ka8 36. Qe5 Rd8 37. Qe7 (37. Qf6 $5) 37... Rh8 (
37... Rxd4 38. Qf8+ Ka7 39. Qc5+ $18) (37... Rd5 $5 {Hecht Blockade-Idee: Rb5
und Bd5.} 38. Qxh4 Ka7 39. Qe7 Rxa5 40. Kd2 (40. Qb4 Rb5 41. Qxc4 Rxb2 42. d5
Bxd5 43. Qd4+ Rb6 44. Qxd5 Rb5 $10) 40... Rb5 41. Kc2 Ka8 42. Qd8+ Ka7 43. Qc7
Ka8 44. Qxc4 Bd5 45. Qc7 Bb3+ 46. Kc3 Bd5 47. b4 Bb7 $10) 38. Qf6 Re8+ (38...
Rh7 $5 39. Qf8+ (39. Qg6 {Hecht} Rh8 40. Qg7 Rh5 $44) 39... Ka7 40. Qg8 Rh5 41.
Qg6 Rh8 42. Qg7 Rh5 $16) 39. Kf2 h3 40. Kg3 $1 Re3+ 41. Kh2 Re2+ $2 (41... Bc8
42. Qd8 Re2+ 43. Kg3 Kb8 $16) 42. Kxh3 $18 Rxb2 43. d5 Rd2 (43... Rb3+ {Hecht}
44. Kh4 Bxd5 45. Qd8+ Ka7 46. Qxd5 Rb5 47. Qxc4 Ka8 (47... Rxa5 48. Qc7+ $18)
48. Qc7 Rb7 49. Qc8+ Ka7 50. Kg5 Rb5+ 51. Kf6 Rb7 52. Ke6 Rb5 53. Qc7+ Rb7 {
ohne den Pa5 ist die Position remis, weil der wK nicht nach c8 gelangt. Dank
des Pa5 ist dem sR Feld b6 verwehrt.} 54. Qd6 $1 Rb5 55. Kd7 Rb8 56. Kc7 Rb7+
57. Kc8 Rb5 58. Qc7+ Ka8 59. Qc6+ Ka7 60. Kc7 Rb8 61. Qb6+ $1 Rxb6 62. axb6+
$18) 44. d6 c3 45. Qh8+ (45. Qh8+ Ka7 46. Qxc3 Rxd6 47. Qc5+ $18) 1-0

[Event "Szeged m"]
[Site "Szeged"]
[Date "2015.08.15"]
[Round "2"]
[White "Leko, Peter"]
[Black "Li, Chao B"]
[Result "1/2-1/2"]
[WhiteElo "2714"]
[BlackElo "2748"]
[Annotator "Fischer,J"]
[PlyCount "84"]
[EventDate "2015.08.14"]
[EventType "match"]
[EventRounds "6"]
[EventCountry "HUN"]
[SourceTitle "CBM 168"]
[Source "ChessBase"]
[SourceDate "2015.09.14"]
[SourceVersion "1"]
[SourceVersionDate "2015.09.14"]
[SourceQuality "1"]

1. e4 c5 2. Nf3 d6 3. d4 cxd4 4. Nxd4 Nf6 5. Nc3 Bd7 6. Bg5 e6 7. Qd2 h6 8.
Bxf6 Qxf6 9. Ndb5 Bxb5 10. Bxb5+ Nc6 11. O-O-O a6 12. Bxc6+ bxc6 13. f4 Qd8 14.
g4 Qa5 15. h4 Rb8 16. Kb1 d5 17. Qd3 Bd6 18. Ne2 O-O 19. b3 Rb4 20. e5 Bc5 21.
Qf3 Rfb8 22. g5 h5 $5 23. g6 $5 ({Den Bauern auf h5 zu nehmen, ist riskant, z.
B.} 23. Qxh5 Rc4 24. Nc1 Qc3 25. Rh2 Bd4 26. Rxd4 Qxd4 {und Schwarz hat eine
Qualität mehr.}) 23... fxg6 24. Qg2 Re4 25. Nc1 Qc7 26. Nd3 Be3 27. Rde1 c5
28. Rh3 ({Einfacher war} 28. Qh3 c4 29. Rxe3 Rxe3 30. Qxe3 cxd3 31. Qxd3 {
mit leichtem Vorteil für Weiß.}) 28... c4 29. Rhxe3 cxd3 30. Rxe4 dxe4 31.
Rxe4 Rd8 32. Qd2 $6 ({Komodo schlägt hier} 32. cxd3 {vor, z.B.} Qc3 33. Qc2
Rxd3 34. Qxc3 Rxc3 35. b4 {mit ungefährem Ausgleich. Wenn sich Schwarz auf
den h-Bauern stürzt, laufen die weißen Bauern am Damenflügel.}) 32... Qc6 $6
({Mehr Chancen bot} 32... Qe7 {mit Angriff auf den h-Bauern.}) 33. Re1 Qf3 34.
c4 {Der starke weiße c-Bauer neutralisiert das schware Spiel.} Qg3 35. c5 Qxh4
36. c6 Qe7 37. Rc1 h4 38. Rc3 Qc7 39. Rxd3 Rxd3 40. Qxd3 Qxc6 41. Qd8+ Kf7 42.
Qxh4 Qe4+ 1/2-1/2

[Event "GER-ch 70th"]
[Site "Bremen"]
[Date "1998.11.14"]
[Round "9"]
[White "Maier, Christian"]
[Black "Meins, Gerlef"]
[Result "1-0"]
[WhiteElo "2345"]
[BlackElo "2455"]
[Annotator "Ftacnik,L"]
[PlyCount "63"]
[EventDate "1998.11.06"]
[EventType "swiss"]
[EventRounds "9"]
[EventCountry "GER"]
[SourceTitle "CBM 068"]
[Source "ChessBase"]
[SourceDate "1999.02.01"]
[SourceVersion "1"]
[SourceVersionDate "1999.02.01"]
[SourceQuality "1"]

1. e4 {Atlas,V} c5 2. Nf3 Nc6 3. d4 cxd4 4. Nxd4 Nf6 5. Nc3 d6 6. f4 e5 7. Nf3
Be7 8. Bd3 O-O 9. O-O exf4 10. Bxf4 Qb6+ 11. Kh1 Qxb2 12. Qd2 (12. Nd5 Nxd5 13.
exd5 Ne5 14. Bxe5 dxe5 15. d6 Bf6 16. Rb1 Qa3 17. Nd2 Qxd6 18. Ne4 Qe7 19.
Nxf6+ gxf6 20. Bxh7+ Kg7 $1 21. Rb3 Rh8 22. Be4 Rb8 23. Qe1 Be6 {0-1 Reeh,
O-Meins,G/BL9495/1995/ (63)}) 12... Qb6 (12... Qb4 13. Rab1 Qa5 14. Bc4 $44)
13. Nd5 Qd8 (13... Nxd5 14. exd5 Nd8 (14... Nb4 $2 15. Rab1 a5 16. a3 $18) (
14... Nb8 {Atlas,V} 15. Rae1 Bf6 16. Ng5 (16. Qe3 $5 $16) 16... Bxg5 17. Bxg5
f6 18. Qe2 $1 {yields White a strong attack.}) (14... Qb4 15. c3 $18)) 14.
Nxe7+ Qxe7 (14... Nxe7 15. Bxd6 $5 (15. Bg5 Ng4 16. Rad1 h6 17. Bh4 $13) 15...
Qxd6 16. e5 Qc7 17. exf6 gxf6 18. Nd4 $40) 15. Bxd6 $5 {'!' Atlas,V.} Qxd6 16.
e5 Qb4 (16... Nxe5 $2 17. Bxh7+ $18) 17. c3 $2 (17. exf6 Qxd2 18. Nxd2 Nb4 19.
Be4 Rd8 $11) 17... Qg4 $2 (17... Ne4 $1 18. cxb4 Nxd2 19. Nxd2 Rd8 20. Bc4 Rxd2
21. Bxf7+ Kf8 22. Bc4+ Ke8 $19) (17... Qe7 {Atlas,V} 18. exf6 Qxf6 {fails to}
19. Ng5) 18. exf6 gxf6 19. Nd4 {'!' Atlas,V. Atlas,V: 'Opening the f-file and
preparing the mobilization of white pieces.'} Nxd4 (19... Qg5 20. Qc2 Qh4 21.
Nxc6 bxc6 22. Rae1 $40) (19... Ne5 20. Rxf6 Nxd3 21. Qxd3 $16) 20. cxd4 Qg5 21.
Rf4 Bg4 {'?' Atlas,V.} (21... Be6 {Atlas,V was to be preferred.}) 22. Qf2 $1
Rad8 (22... Kg7 $2 23. h4 Qh5 24. Qg3 $18) (22... Qg7 {Atlas,V loses after} 23.
Bxh7+ $1 (23. Rxf6 Bh5) 23... Kxh7 24. Qh4+ Qh6 25. Qxg4) 23. h3 (23. Rxf6 Be6
24. Rf1 $16) 23... Be6 (23... Bh5 $2 {Atlas,V loses on the spot after} 24. Rf5
$1 (24. Rxf6 $6 Bg6 $1) 24... Qh6 25. Qh4 Qe3 26. Rxh5 Qxd3 27. Qxf6 $18) 24.
Rxf6 Kh8 (24... Rfe8 25. Rf1 Rd7 26. Rf3 $16) (24... Kg7 {(Atlas,V) fails to}
25. Rf3) 25. Re1 Rg8 26. Re5 $2 (26. Be4 $1 $16) 26... Qc1+ $2 (26... Qg3 $1
27. Rh6 (27. Rh5 Qxd3 28. Rxe6 Qxd4 (28... fxe6 $2 29. Qf6+ Rg7 30. Qxd8+ Rg8
31. Qf6+ Rg7 32. Rg5 $18) 29. Reh6 (29. Qxf7 $2 Qa1+ 30. Kh2 Rxg2+ $1 31. Kxg2
Rd2+ $19) 29... Rg7 30. Qf5 $2 Qa1+ 31. Kh2 Rxg2+ $1 32. Kxg2 Rd2+ $19) 27...
Rg6 $1 28. Qxg3 (28. Rxh7+ Kg8 29. Qxg3 Rxg3 30. Bb1 Rxd4 (30... Bxa2 31. Reh5
$1) 31. Kh2 Rg7 $11) 28... Rxg3 29. Bxh7 Kg7 30. Rh4 Bxa2 $11) 27. Kh2 Rg7 (
27... Qd1 28. Rfxe6 $1 $18) 28. Be4 {Atlas,V: 'Threatening 29.d5 and launching
the final attacking wave.'} Qc3 29. Rh6 Qxd4 (29... Rxd4 30. Bxh7 Rd2 31. Bd3+
Kg8 32. Rh8+ $1 Kxh8 33. Qh4+ Kg8 34. Qd8#) 30. Qf6 {Atlas,V: 'Total
mobilization of white pieces! Black is defenseless against the mate threats.'}
Kg8 $8 31. Bxh7+ $1 {Atlas,V: 'The final combination.'} Rxh7 (31... Kf8 32.
Rxe6 Qxf6 33. Rexf6 Rd2 34. Be4 $18) (31... Kh8 {Atlas,V} 32. Bf5+ (32. Bg6+
Kg8 33. Reh5 $2 Qd6+) 32... Kg8 33. Bxe6 $18) 32. Rxh7 (32. Rxh7 Kxh7 (32...
Qxe5+ {Atlas,V} 33. Qxe5 Kxh7 34. Qh5+ Kg7 35. Qg5+ {winning the rook.}) 33.
Rh5+ Kg8 34. Rh8#) 1-0